[Event "2. Bundesliga Ost 2008/2009"]
[Site "3-5.10.Bruck,22-23.11.Poechlarn,17-18.1.Wr.Neust,28
[Date "2009.01.17"]
[Round "6"]
[Board "3"]
[White "Steiner, Adam"]
[Black "Bukacek, Emil"]
[Result "1/2-1/2"]
[WhiteElo "2212"]
[BlackElo "2211"]
[PlyCount "45"]
[EventDate "2008.10.03"]
[EventType "team"]
[EventRounds "11"]
[EventCountry "AUT"]
[WhiteTeam "1. Wr. Neustaedter SV"]
[BlackTeam "Austria Wien"]

1.e4 e5 2.Nc3 Nf6 3.f4 d6 4.Nf3 Nc6 5.Bc4 Bg4 6.d3 Nd4 7.Be3 Bxf3 8.gxf3 Nh5
9.fxe5 dxe5 10.O-O Nf4 11.Kh1 c6 12.Bxf4 exf4 13.Ne2 Nxe2 14.Qxe2 Bc5 15.c3 Be3
16.Rae1 O-O 17.a3 Qe7 18.Ba2 Rfd8 19.d4 c5 20.d5 Rd6 21.Qd3 Rh6 22.Rxe3 Rxh2+
23.Kxh2

[Event "2. Bundesliga Ost 2008/2009"]
[Site "3-5.10.Bruck,22-23.11.Poechlarn,17-18.1.Wr.Neust,28
[Date "2009.01.17"]
[Round "6"]
[Board "4"]
[White "Rogetzer, Klaus"]
[Black "Wiedner, Robert"]
[Result "0-1"]
[WhiteElo "2091"]
[BlackElo "2189"]
[PlyCount "58"]
[EventDate "2008.10.03"]
[EventType "team"]
[EventRounds "11"]
[EventCountry "AUT"]
[WhiteTeam "Austria Wien"]
[BlackTeam "1. Wr. Neustaedter SV"]

1.d4 Nf6 2.c4 e6 3.Nc3 Bb4 4.Qc2 c5 5.dxc5 Bxc5 6.Nf3 Nc6 7.a3 O-O 8.b4 Be7
9.Bb2 d6 10.e3 Ng4 11.Rd1 f5 12.c5 d5 13.Bd3 Qe8 14.h3 Qh5 15.b5 Nd8 16.Ne2 Nf6
17.c6 Qe8 18.Ne5 Bd6 19.g4 bxc6 20.Nxc6 Nf7 21.gxf5 e5 22.Rg1 Kh8 23.Qc3 Bd7
24.Nf4 d4 25.Qc4 Bxc6 26.Ng6+ hxg6 27.fxg6 Bd5 28.gxf7 Rxf7 29.Qc2 e4

[Event "2. Bundesliga Ost 2008/2009"]
[Site "3-5.10.Bruck,22-23.11.Poechlarn,17-18.1.Wr.Neust,28
[Date "2009.01.17"]
[Round "6"]
[Board "5"]
[White "Posch, Werner"]
[Black "Steiner, Johann"]
[Result "1-0"]
[WhiteElo "2234"]
[BlackElo "2054"]
[PlyCount "75"]
[EventDate "2008.10.03"]
[EventType "team"]
[EventRounds "11"]
[EventCountry "AUT"]
[WhiteTeam "1. Wr. Neustaedter SV"]
[BlackTeam "Austria Wien"]

1.e4 d5 2.exd5 Qxd5 3.Nc3 Qa5 4.d4 Nf6 5.Nf3 Bf5 6.Bc4 e6 7.Qe2 Bb4 8.Bd2 O-O
9.O-O-O Nd5 10.Nxd5 exd5 11.Bxb4 Qxb4 12.Bxd5 Nc6 13.Qc4 Qa5 14.Rhe1 Bxc2 15.Rd2
Bg6 16.Ne5 Nb4 17.Nxg6 hxg6 18.Re5 Nxd5 19.Rxd5 Qb6 20.Rb5 Qd6 21.g3 b6 22.Rd5
Qe6 23.Re2 Qg4 24.f4 c6 25.Rde5 Rad8 26.Kb1 Qf3 27.a3 b5 28.Qc3 Qxc3 29.bxc3 a5
30.Kc2 Rb8 31.Rc5 Rfc8 32.Re7 Kf8 33.Ra7 a4 34.Ra6 Re8 35.Kd2 Re4 36.Raxc6 b4
37.axb4 Ra8 38.Rc8+

[Event "2. Bundesliga Ost 2008/2009"]
[Site "3-5.10.Bruck,22-23.11.Poechlarn,17-18.1.Wr.Neust,28
[Date "2009.01.17"]
[Round "6"]
[Board "6"]
[White "Newrkla, Katharina"]
[Black "Steiner, Bruno"]
[Result "1/2-1/2"]
[WhiteElo "2071"]
[BlackElo "2177"]
[PlyCount "113"]
[EventDate "2008.10.03"]
[EventType "team"]
[EventRounds "11"]
[EventCountry "AUT"]
[WhiteTeam "Austria Wien"]
[BlackTeam "1. Wr. Neustaedter SV"]

1.e4 e5 2.Nf3 Nc6 3.Bb5 a6 4.Ba4 Nf6 5.O-O Be7 6.Re1 b5 7.Bb3 d6 8.c3 O-O 9.h3
Na5 10.Bc2 c5 11.d4 Qc7 12.Nbd2 Bd7 13.Nf1 Nc4 14.Ne3 Nxe3 15.Bxe3 Rfd8 16.Qe2
a5 17.dxe5 dxe5 18.a4 Rab8 19.Red1 h6 20.axb5 Bxb5 21.Rxd8+ Bxd8 22.c4 Bc6
23.Bd2 Rxb2 24.Bc3 Rb4 25.Nxe5 Bb7 26.Nf3 Ba6 27.Bd3 Nd7 28.Bxb4 cxb4 29.Nd2 Bf6
30.Ra2 Nc5 31.Bc2 Ne6 32.Ba4 Bg5 33.Bb5 Bxb5 34.cxb5 Bxd2 35.Qxd2 b3 36.Rxa5 Kh7
37.Ra1 Qc5 38.Qd3 b2 39.Rb1 Nd4 40.Kh2 Nxb5 41.Qd2 Na3 42.Rxb2 Nc4 43.Qc3 Qd6+
44.g3 Nxb2 45.Qxb2 Qd3 46.Qe5 g6 47.Kg2 Kg8 48.Qd5 Qe2 49.e5 Kg7 50.Qd4 Kg8
51.Qd8+ Kg7 52.Qf6+ Kg8 53.h4 h5 54.Qf4 Kg7 55.Qd4 Kg8 56.Qd5 Kg7 57.Qd4

[Event "2. Bundesliga Ost 2008/2009"]
[Site "3-5.10.Bruck,22-23.11.Poechlarn,17-18.1.Wr.Neust,28
[Date "2009.01.17"]
[Round "6"]
[Board "1"]
[White "Sommerbauer, Norbert"]
[Black "Groetz, Harald"]
[Result "1/2-1/2"]
[WhiteElo "2471"]
[BlackElo "2376"]
[PlyCount "39"]
[EventDate "2008.10.03"]
[EventType "team"]
[EventRounds "11"]
[EventCountry "AUT"]
[WhiteTeam "Raiffeisen Waehring"]
[BlackTeam "SV Stockerau"]

1.c4 e5 2.Nc3 Nc6 3.e3 g6 4.g3 Bg7 5.Bg2 d6 6.Nge2 f5 7.d3 Nge7 8.Rb1 a5 9.a3
Be6 10.Nd5 Qd7 11.b4 axb4 12.axb4 Nd8 13.O-O O-O 14.b5 Bxd5 15.cxd5 b6 16.Bd2
Nb7 17.d4 Ra7 18.Bb4 e4 19.Nc3 Kh8 20.Qe2

[Event "2. Bundesliga Ost 2008/2009"]
[Site "3-5.10.Bruck,22-23.11.Poechlarn,17-18.1.Wr.Neust,28
[Date "2009.01.17"]
[Round "6"]
[Board "2"]
[White "Schmid, Thomas"]
[Black "Schneider-Zinner, Harald"]
[Result "1/2-1/2"]
[WhiteElo "2172"]
[BlackElo "2394"]
[PlyCount "52"]
[EventDate "2008.10.03"]
[EventType "team"]
[EventRounds "11"]
[EventCountry "AUT"]
[WhiteTeam "SV Stockerau"]
[BlackTeam "Raiffeisen Waehring"]

1.e4 e5 2.Nf3 Nc6 3.Bb5 a6 4.Ba4 Nf6 5.O-O Be7 6.Re1 b5 7.Bb3 d6 8.c3 O-O 9.h3
Na5 10.Bc2 c5 11.d4 Nd7 12.Nbd2 exd4 13.cxd4 Nc6 14.Nf1 Bb7 15.Ne3 Re8 16.Nf5
Bf8 17.Bf4 cxd4 18.Nxd6 Qf6 19.Qc1 Bxd6 20.Bg5 Bh2+ 21.Kxh2 Qd6+ 22.Bf4 Nde5
23.Nxe5 Nxe5 24.Kh1 Qf6 25.f3 Rad8 26.Bg5 Qg6

[Event "2. Bundesliga Ost 2008/2009"]
[Site "3-5.10.Bruck,22-23.11.Poechlarn,17-18.1.Wr.Neust,28
[Date "2009.01.17"]
[Round "6"]
[Board "3"]
[White "Fusi, Christoph"]
[Black "Sadilek, Maximilian"]
[Result "1/2-1/2"]
[WhiteElo "2280"]
[BlackElo "2164"]
[PlyCount "98"]
[EventDate "2008.10.03"]
[EventType "team"]
[EventRounds "11"]
[EventCountry "AUT"]
[WhiteTeam "Raiffeisen Waehring"]
[BlackTeam "SV Stockerau"]

1.e4 c5 2.Nf3 Nc6 3.d4 cxd4 4.Nxd4 Nf6 5.Nc3 e5 6.Ndb5 d6 7.Nd5 Nxd5 8.exd5 Nb8
9.c4 a6 10.Nc3 Be7 11.Bd3 O-O 12.O-O f5 13.f3 Nd7 14.Kh1 Bg5 15.b4 Bxc1 16.Rxc1
Qh4 17.g3 Qh3 18.Rf2 Nf6 19.c5 e4 20.Bf1 Qh6 21.fxe4 Ng4 22.Re2 f4 23.Qd2 Bd7
24.gxf4 Rxf4 25.Rg2 Raf8 26.Bc4 Ne5 27.Rcg1 Nxc4 28.Qd4 Ne5 29.Rxg7+ Qxg7
30.Rxg7+ Kxg7 31.cxd6 Bh3 32.Ne2 Rf1+ 33.Ng1 Kf6 34.d7 Bxd7 35.Kg2 Rf4 36.Ne2
Rg8+ 37.Ng3 Rg5 38.Qc5 Kf7 39.Qd6 Rf6 40.Qc7 Rfg6 41.Kf2 Rf6+ 42.Ke3 Rf3+ 43.Ke2
Kg6 44.Qd6+ Rf6 45.Qb8 Bb5+ 46.Ke1 Bd7 47.Qxb7 Nf3+ 48.Ke2 Nxh2 49.Qxd7 Rxg3

[Event "2. Bundesliga Ost 2008/2009"]
[Site "3-5.10.Bruck,22-23.11.Poechlarn,17-18.1.Wr.Neust,28
[Date "2009.01.17"]
[Round "6"]
[Board "4"]
[White "Schirmbeck, Hannes"]
[Black "Zetthofer, Gerald"]
[Result "1/2-1/2"]
[WhiteElo "2149"]
[BlackElo "2273"]
[PlyCount "137"]
[EventDate "2008.10.03"]
[EventType "team"]
[EventRounds "11"]
[EventCountry "AUT"]
[WhiteTeam "SV Stockerau"]
[BlackTeam "Raiffeisen Waehring"]

1.e4 e6 2.d4 d5 3.exd5 exd5 4.Nf3 Nc6 5.Bd3 Bg4 6.c3 Qf6 7.Nbd2 Bd6 8.O-O Nge7
9.Re1 O-O 10.Nf1 Bxf3 11.Qxf3 Qxf3 12.gxf3 Ng6 13.Be3 Nce7 14.Ng3 Nh4 15.Be2
Neg6 16.Kh1 f5 17.Bg5 f4 18.Bxh4 Nxh4 19.Nf1 Rae8 20.Nd2 c5 21.Nb3 c4 22.Nd2 Re7
23.Bf1 Rfe8 24.Rxe7 Rxe7 25.Kg1 b5 26.Rd1 b4 27.Bh3 Kf7 28.Kf1 bxc3 29.bxc3 Rb7
30.Re1 Rb5 31.Be6+ Kf6 32.Bg8 Bc7 33.Ke2 Nf5 34.Kd1 Ra5 35.Re6+ Kg5 36.Bxh7 Rxa2
37.Rg6+ Kh5 38.Rc6 Nxd4 39.Rxc7 Ra1+ 40.Bb1 Nxf3 41.Nxf3 Rxb1+ 42.Ke2 Rb2+
43.Kf1 Rc2 44.Rc5 Rxc3 45.Rxd5+ Kg4 46.Ne5+ Kf5 47.Rc5 Ke4 48.Rxc4+ Rxc4 49.Nxc4
Kd3 50.Na5 Kd2 51.Kg2 g5 52.Kf1 f3 53.h3 Kd1 54.Nc4 a6 55.Na5 Kd2 56.Nc6 Kd1
57.Kg1 Ke2 58.Nd4+ Kd3 59.Nxf3 a5 60.Kf1 a4 61.Ke1 a3 62.Kd1 a2 63.Ne1+ Ke4
64.Nc2 Kf3 65.Ke1 Kg2 66.Ke2 Kxh3 67.Kf1 g4 68.Kg1 g3 69.fxg3

[Event "2. Bundesliga Ost 2008/2009"]
[Site "3-5.10.Bruck,22-23.11.Poechlarn,17-18.1.Wr.Neust,28
[Date "2009.01.17"]
[Round "6"]
[Board "5"]
[White "Lovrinovic, Christian"]
[Black "Batyte, Daiva"]
[Result "1-0"]
[WhiteElo "2198"]
[BlackElo "2142"]
[PlyCount "125"]
[EventDate "2008.10.03"]
[EventType "team"]
[EventRounds "11"]
[EventCountry "AUT"]
[WhiteTeam "Raiffeisen Waehring"]
[BlackTeam "SV Stockerau"]

1.d4 Nf6 2.c4 e6 3.Nc3 Bb4 4.g3 d5 5.Bg2 c6 6.Nf3 dxc4 7.Ne5 Nbd7 8.Nxc4 Nb6
9.Nxb6 Qxb6 10.a3 Be7 11.O-O O-O 12.Na4 Qb5 13.Qc2 e5 14.Nc3 Qa5 15.dxe5 Qxe5
16.Rd1 Qh5 17.Ne4 Nxe4 18.Bxe4 Be6 19.Be3 a6 20.Bb6 f5 21.Bf3 Qf7 22.Rd2 a5
23.e3 a4 24.Rc1 Ra6 25.Bd4 b5 26.Bc5 Rc8 27.Bxe7 Qxe7 28.Qc5 Qxc5 29.Rxc5 Kf7
30.Rd6 b4 31.axb4 Rb8 32.b5 Rab6 33.Rcxc6 Rxc6 34.Bxc6 Ke7 35.Rd4 Bb3 36.Rd7+
Kf6 37.Kg2 Bc4 38.Rb7 Rxb7 39.Bxb7 Bxb5 40.f4 Ke7 41.e4 Kd6 42.e5+ Kc5 43.Kf2
Bd7 44.Ke3 Kc4 45.Kd2 h6 46.Ba6+ Kb3 47.Kc1 Be6 48.Bd3 a3 49.bxa3 Kxa3 50.g4
fxg4 51.f5 Bd7 52.Kd2 Kb4 53.Ke3 Kc5 54.Kf4 Be8 55.Ba6 Kd4 56.Bc8 h5 57.e6 h4
58.Kxg4 Bc6 59.Bd7 Bd5 60.e7 Bf7 61.e8=Q Bxe8 62.Bxe8 Ke5 63.Bg6

[Event "2. Bundesliga Ost 2008/2009"]
[Site "3-5.10.Bruck,22-23.11.Poechlarn,17-18.1.Wr.Neust,28
[Date "2009.01.17"]
[Round "6"]
[Board "6"]
[White "Amberger, Dieter"]
[Black "Stuhlik, Marko"]
[Result "0-1"]
[WhiteElo "2104"]
[BlackElo "2185"]
[PlyCount "82"]
[EventDate "2008.10.03"]
[EventType "team"]
[EventRounds "11"]
[EventCountry "AUT"]
[WhiteTeam "SV Stockerau"]
[BlackTeam "Raiffeisen Waehring"]

1.d4 d6 2.e4 Nf6 3.Nc3 c6 4.Be3 Qa5 5.Qd2 e5 6.Nf3 Nbd7 7.Bd3 b5 8.O-O a6 9.a4
b4 10.Ne2 c5 11.dxe5 dxe5 12.Bc4 h6 13.Ng3 Bb7 14.Bd5 Nxd5 15.exd5 g6 16.Rfe1
O-O-O 17.c4 f5 18.Nh4 Qb6 19.f4 e4 20.Ne2 Be7 21.g3 Rdg8 22.Ng2 Nf6 23.Nc1 Ng4
24.Nb3 Rh7 25.Rad1 Bd6 26.Kh1 Nxe3 27.Nxe3 Kb8 28.Rg1 Bc8 29.Rg2 Bd7 30.a5 Qc7
31.Rdg1 g5 32.fxg5 hxg5 33.Qf2 Rf8 34.Nf1 Be8 35.Qe3 Qe7 36.Nbd2 Bg6 37.Qb3 Rh3
38.Qd1 Rfh8 39.Qe2 Qh7 40.Qf2 f4 41.gxf4 Bxf4

[Event "2. Bundesliga Ost 2008/2009"]
[Site "3-5.10.Bruck,22-23.11.Poechlarn,17-18.1.Wr.Neust,28
[Date "2009.01.18"]
[Round "7"]
[Board "1"]
[White "Groetz, Harald"]
[Black "Varga, Zoltan"]
[Result "0-1"]
[WhiteElo "2376"]
[BlackElo "2494"]
[PlyCount "102"]
[EventDate "2008.10.03"]
[EventType "team"]
[EventRounds "11"]
[EventCountry "AUT"]
[WhiteTeam "SV Stockerau"]
[BlackTeam "ASVOE SK Lackenbach"]

1.Nf3 d5 2.g3 c6 3.Bg2 Nf6 4.O-O Bg4 5.Ne5 Bh5 6.c4 Nbd7 7.d4 e6 8.Nc3 Nxe5
9.dxe5 Nd7 10.cxd5 cxd5 11.Qa4 a6 12.h4 Rc8 13.Bg5 Be7 14.Bxe7 Qxe7 15.Qf4 Rc4
16.Qe3 O-O 17.Rad1 Qc5 18.Qxc5 Rxc5 19.f4 Rxc3 20.bxc3 Bxe2 21.c4 Bxc4 22.Rf2
Nc5 23.Rfd2 b5 24.Kf2 b4 25.Ke3 Rc8 26.f5 a5 27.Bh3 Kf8 28.fxe6 fxe6 29.Bf1 Nd7
30.Kd4 Bxf1 31.Rxf1+ Ke7 32.Rdf2 Rc4+ 33.Kd3 Nxe5+ 34.Kd2 Rc3 35.Rf8 Nc4+ 36.Ke1
Rc1+ 37.Ke2 Rc2+ 38.Ke1 Rxa2 39.R1f7+ Kd6 40.Rb7 Kc5 41.h5 h6 42.g4 Kd4 43.g5
hxg5 44.Rxg7 Rh2 45.Rxg5 e5 46.Kf1 b3 47.Kg1 Rh4 48.Kg2 b2 49.Rb8 a4 50.Kg3 Rh1
51.Rg4+ Kc3

[Event "2. Bundesliga Ost 2008/2009"]
[Site "3-5.10.Bruck,22-23.11.Poechlarn,17-18.1.Wr.Neust,28
[Date "2009.01.18"]
[Round "7"]
[Board "2"]
[White "Papp, Gabor"]
[Black "Schmid, Thomas"]
[Result "1-0"]
[WhiteElo "2509"]
[BlackElo "2172"]
[PlyCount "61"]
[EventDate "2008.10.03"]
[EventType "team"]
[EventRounds "11"]
[EventCountry "AUT"]
[WhiteTeam "ASVOE SK Lackenbach"]
[BlackTeam "SV Stockerau"]

1.e4 c5 2.Nf3 d6 3.d4 cxd4 4.Nxd4 Nf6 5.Nc3 a6 6.Bg5 e6 7.f4 Qb6 8.Qd2 Nc6
9.Bxf6 gxf6 10.Nb3 Bd7 11.O-O-O O-O-O 12.Be2 h5 13.Rhf1 Be7 14.Rf3 Rdg8 15.Bf1
h4 16.Rd3 Rh5 17.a3 Na5 18.Nxa5 Qxa5 19.Kb1 Qb6 20.Rd4 Bc6 21.f5 Rhg5 22.Qd3 Kb8
23.Qh3 Rg4 24.fxe6 fxe6 25.Be2 Rxg2 26.Qxe6 R8g7 27.Rb4 Qf2 28.h3 d5 29.Rb3 Qc5
30.exd5 Ba4 31.Nxa4

[Event "2. Bundesliga Ost 2008/2009"]
[Site "3-5.10.Bruck,22-23.11.Poechlarn,17-18.1.Wr.Neust,28
[Date "2009.01.18"]
[Round "7"]
[Board "3"]
[White "Sadilek, Maximilian"]
[Black "Stranz, Richard"]
[Result "0-1"]
[WhiteElo "2164"]
[BlackElo "2253"]
[PlyCount "94"]
[EventDate "2008.10.03"]
[EventType "team"]
[EventRounds "11"]
[EventCountry "AUT"]
[WhiteTeam "SV Stockerau"]
[BlackTeam "ASVOE SK Lackenbach"]

1.d4 Nf6 2.Nc3 d5 3.Bf4 Bf5 4.e3 e6 5.Bd3 Bg6 6.Nf3 a6 7.Ne5 c5 8.O-O Nc6 9.Re1
Rc8 10.h3 cxd4 11.exd4 Bb4 12.Bxg6 hxg6 13.Re3 Nxe5 14.Bxe5 Bxc3 15.bxc3 Qa5
16.Bxf6 gxf6 17.Qf3 f5 18.g4 Kd7 19.a4 Rc6 20.Rb1 Qc7 21.Rb3 Kc8 22.Kg2 Kb8
23.Kf1 Ka7 24.Ke2 Rc8 25.gxf5 gxf5 26.h4 Qh2 27.Qg3 Qh1 28.Kd2 Rh8 29.Qh3 Qg1
30.Qg3 Qh1 31.Qh3 Rxh4 32.Qxh1 Rxh1 33.Rg3 Rf1 34.Ke2 Ra1 35.Rg7 Rc7 36.Ke3 Rxa4
37.Kf4 Ra2 38.Ke5 Rxc2 39.Kd6 R2xc3 40.Rxc3 Rxc3 41.Rxf7 Rc6+ 42.Kd7 a5 43.Rh7
a4 44.Rh3 Ka6 45.Rh8 Kb5 46.Rb8 Ra6 47.Rxb7+ Kc4

[Event "2. Bundesliga Ost 2008/2009"]
[Site "3-5.10.Bruck,22-23.11.Poechlarn,17-18.1.Wr.Neust,28
[Date "2009.01.18"]
[Round "7"]
[Board "4"]
[White "Kocsisek, Marcus"]
[Black "Schirmbeck, Hannes"]
[Result "0-1"]
[WhiteElo "2215"]
[BlackElo "2149"]
[PlyCount "64"]
[EventDate "2008.10.03"]
[EventType "team"]
[EventRounds "11"]
[EventCountry "AUT"]
[WhiteTeam "ASVOE SK Lackenbach"]
[BlackTeam "SV Stockerau"]

1.d4 d5 2.Nf3 Nf6 3.e3 c5 4.b3 Nc6 5.Bb2 Bg4 6.Be2 cxd4 7.exd4 e6 8.O-O Bd6 9.c4
O-O 10.Nc3 Rc8 11.Nb5 Bb8 12.Ne5 Bxe2 13.Qxe2 a6 14.Nxc6 Rxc6 15.Na3 Ne4 16.g3
Qg5 17.Bc1 Qg6 18.f3 Nd6 19.Be3 Nf5 20.Bf2 Rfc8 21.c5 Qf6 22.Rad1 h5 23.Nc2 Re8
24.f4 Qg6 25.Nb4 Rcc8 26.Rfe1 Bxf4 27.Kh1 Bc7 28.c6 bxc6 29.Qxa6 Ne7 30.Re2 Bd6
31.Nd3 Ra8 32.Qb7 Qg4

[Event "2. Bundesliga Ost 2008/2009"]
[Site "3-5.10.Bruck,22-23.11.Poechlarn,17-18.1.Wr.Neust,28
[Date "2009.01.18"]
[Round "7"]
[Board "5"]
[White "Batyte, Daiva"]
[Black "Galavics, Hermann"]
[Result "1/2-1/2"]
[WhiteElo "2142"]
[BlackElo "2017"]
[PlyCount "72"]
[EventDate "2008.10.03"]
[EventType "team"]
[EventRounds "11"]
[EventCountry "AUT"]
[WhiteTeam "SV Stockerau"]
[BlackTeam "ASVOE SK Lackenbach"]

1.g3 d5 2.Bg2 Nf6 3.b3 Bf5 4.Bb2 e6 5.Nf3 Nbd7 6.d3 Bd6 7.Nbd2 O-O 8.O-O c6 9.e4
Bg4 10.h3 Bxf3 11.Nxf3 Qc7 12.Qe2 dxe4 13.dxe4 e5 14.Nh4 Rad8 15.Rad1 Rfe8
16.Nf5 Bf8 17.Bc1 Nc5 18.Bg5 Ne6 19.Bxf6 gxf6 20.Qg4+ Kh8 21.Qh4 Bg7 22.Qh5 Kg8
23.h4 Rxd1 24.Rxd1 Rd8 25.Bh3 Rxd1+ 26.Qxd1 Qd8 27.Qg4 Kh8 28.h5 h6 29.Bf1 b5
30.a4 a6 31.axb5 axb5 32.c4 b4 33.c5 Bf8 34.Bc4 Ng5 35.Kg2 Qd2 36.Be2 Qd8

[Event "2. Bundesliga Ost 2008/2009"]
[Site "3-5.10.Bruck,22-23.11.Poechlarn,17-18.1.Wr.Neust,28
[Date "2009.01.18"]
[Round "7"]
[Board "1"]
[White "Hangweyrer, Manfred"]
[Black "Sommerbauer, Norbert"]
[Result "1/2-1/2"]
[WhiteElo "2338"]
[BlackElo "2471"]
[PlyCount "38"]
[EventDate "2008.10.03"]
[EventType "team"]
[EventRounds "11"]
[EventCountry "AUT"]
[WhiteTeam "Austria Wien"]
[BlackTeam "Raiffeisen Waehring"]

1.e4 c5 2.Nf3 e6 3.c3 d5 4.exd5 exd5 5.d4 Nc6 6.g3 Bg4 7.Bg2 cxd4 8.O-O Nf6
9.Qb3 Bxf3 10.Bxf3 Qb6 11.Re1+ Be7 12.Bg5 O-O-O 13.Qxb6 axb6 14.cxd4 Nxd4 15.Bg2
Bc5 16.Na3 Rhe8 17.Rxe8 Rxe8 18.Bxf6 gxf6 19.Bxd5 Re2

[Event "2. Bundesliga Ost 2008/2009"]
[Site "3-5.10.Bruck,22-23.11.Poechlarn,17-18.1.Wr.Neust,28
[Date "2009.01.18"]
[Round "7"]
[Board "2"]
[White "Schneider-Zinner, Harald"]
[Black "Vokroj, Rene"]
[Result "0-1"]
[WhiteElo "2394"]
[BlackElo "2339"]
[PlyCount "72"]
[EventDate "2008.10.03"]
[EventType "team"]
[EventRounds "11"]
[EventCountry "AUT"]
[WhiteTeam "Raiffeisen Waehring"]
[BlackTeam "Austria Wien"]

1.d4 Nf6 2.Nf3 e6 3.c4 b6 4.g3 Ba6 5.Qa4 c6 6.Bg2 b5 7.cxb5 cxb5 8.Qb3 Nc6 9.O-O
Na5 10.Qd1 Rc8 11.Bg5 Qb6 12.Nbd2 b4 13.Re1 d5 14.Bxf6 gxf6 15.e4 Bb7 16.Rc1
Rxc1 17.Qxc1 Bh6 18.exd5 Bxd5 19.Qc8+ Qd8 20.Qc5 Nc6 21.Ne4 Kd7 22.Qb5 Ke7
23.Nh4 Kf8 24.Qc5+ Kg7 25.Nd6 Bxg2 26.Kxg2 Ne7 27.d5 Qa8 28.Qc7 Rd8 29.Rd1 Nxd5
30.Qxf7+ Kh8 31.Nb7 Ne3+ 32.fxe3 Rxd1 33.Nf3 Qc8 34.Nd4 e5 35.Ne6 Rd7 36.Nd6
Rxd6

[Event "2. Bundesliga Ost 2008/2009"]
[Site "3-5.10.Bruck,22-23.11.Poechlarn,17-18.1.Wr.Neust,28
[Date "2009.01.18"]
[Round "7"]
[Board "3"]
[White "Kwatschewsky, Leo"]
[Black "Fusi, Christoph"]
[Result "1/2-1/2"]
[WhiteElo "2238"]
[BlackElo "2280"]
[PlyCount "54"]
[EventDate "2008.10.03"]
[EventType "team"]
[EventRounds "11"]
[EventCountry "AUT"]
[WhiteTeam "Austria Wien"]
[BlackTeam "Raiffeisen Waehring"]

1.e4 c6 2.Nc3 d5 3.Nf3 dxe4 4.Nxe4 Nd7 5.d4 Ngf6 6.Nxf6+ Nxf6 7.h3 e6 8.Bd3 c5
9.O-O Qc7 10.b3 cxd4 11.Bb2 a6 12.Bxd4 Bc5 13.Bb2 b6 14.Be5 Bd6 15.Re1 Bxe5
16.Nxe5 Bb7 17.Qe2 O-O 18.c4 Rad8 19.Rad1 a5 20.Qe3 Nd7 21.Nxd7 Rxd7 22.Be2 Rfd8
23.Rxd7 Rxd7 24.Rd1 Rxd1+ 25.Bxd1 Qd6 26.Bf3 Bxf3 27.Qxf3 h6

[Event "2. Bundesliga Ost 2008/2009"]
[Site "3-5.10.Bruck,22-23.11.Poechlarn,17-18.1.Wr.Neust,28
[Date "2009.01.18"]
[Round "7"]
[Board "4"]
[White "Zetthofer, Gerald"]
[Black "Rogetzer, Klaus"]
[Result "1/2-1/2"]
[WhiteElo "2273"]
[BlackElo "2091"]
[PlyCount "51"]
[EventDate "2008.10.03"]
[EventType "team"]
[EventRounds "11"]
[EventCountry "AUT"]
[WhiteTeam "Raiffeisen Waehring"]
[BlackTeam "Austria Wien"]

1.d4 Nf6 2.Nf3 g6 3.c4 Bg7 4.Nc3 O-O 5.e4 d6 6.Be2 e5 7.O-O Nc6 8.d5 Ne7 9.Ne1
Nd7 10.Be3 f5 11.f3 f4 12.Bf2 g5 13.b4 Rf6 14.c5 Rh6 15.Nd3 Qe8 16.g4 fxg3
17.Bxg3 Nf6 18.Qd2 Nh5 19.Kf2 Nxg3 20.hxg3 Rh2+ 21.Ke1 a5 22.b5 Ng6 23.Rf2 Rh1+
24.Rf1 Rh2 25.Rf2 Rh1+ 26.Rf1

[Event "2. Bundesliga Ost 2008/2009"]
[Site "3-5.10.Bruck,22-23.11.Poechlarn,17-18.1.Wr.Neust,28
[Date "2009.01.18"]
[Round "7"]
[Board "5"]
[White "Steiner, Johann"]
[Black "Lovrinovic, Christian"]
[Result "1/2-1/2"]
[WhiteElo "2054"]
[BlackElo "2198"]
[PlyCount "31"]
[EventDate "2008.10.03"]
[EventType "team"]
[EventRounds "11"]
[EventCountry "AUT"]
[WhiteTeam "Austria Wien"]
[BlackTeam "Raiffeisen Waehring"]

1.e4 c5 2.Nf3 d6 3.c4 Nf6 4.Nc3 Qa5 5.Be2 Nc6 6.O-O Bg4 7.d3 g6 8.Bd2 Qd8 9.Re1
Bg7 10.Rb1 O-O 11.a3 a5 12.Bg5 h6 13.Be3 Kh7 14.Ng5+ hxg5 15.Bxg4 Ne5 16.Be2

[Event "2. Bundesliga Ost 2008/2009"]
[Site "3-5.10.Bruck,22-23.11.Poechlarn,17-18.1.Wr.Neust,28
[Date "2009.01.18"]
[Round "7"]
[Board "6"]
[White "Stuhlik, Marko"]
[Black "Newrkla, Alexander"]
[Result "1-0"]
[WhiteElo "2185"]
[BlackElo "1987"]
[PlyCount "131"]
[EventDate "2008.10.03"]
[EventType "team"]
[EventRounds "11"]
[EventCountry "AUT"]
[WhiteTeam "Raiffeisen Waehring"]
[BlackTeam "Austria Wien"]

1.Nf3 Nf6 2.b3 d5 3.Bb2 c5 4.e3 Nc6 5.Bb5 Bg4 6.h3 Bh5 7.Bxc6+ bxc6 8.d3 e6
9.Nbd2 Nd7 10.Qe2 a5 11.a4 Be7 12.e4 Bxf3 13.Nxf3 Bf6 14.e5 Be7 15.O-O O-O
16.Nd2 Rb8 17.f4 Re8 18.Rae1 Nf8 19.Nf3 Bh4 20.Nxh4 Qxh4 21.Bc3 Qd8 22.Rf3 Ng6
23.g3 Ne7 24.Qd2 Ra8 25.Qf2 d4 26.Bd2 Nd5 27.g4 Ra7 28.Re4 Rae7 29.Qg3 Qc7
30.Qe1 Nb4 31.Bxb4 axb4 32.Qg3 Qb8 33.Kh2 g6 34.Qh4 Rd7 35.Qh6 Qc7 36.Kg2 Rd5
37.h4 Qe7 38.h5 Qf8 39.Qg5 Qe7 40.Qh6 Qf8 41.Qg5 Qe7 42.Qxe7 Rxe7 43.Rh3 Re8
44.Kf3 Kg7 45.Re2 Kg8 46.hxg6 hxg6 47.Reh2 Kf8 48.Rh8+ Ke7 49.Rxe8+ Kxe8 50.Rh8+
Ke7 51.Ke4 Rd7 52.Rc8 Ra7 53.Rxc6 Ra5 54.Rc7+ Ke8 55.Kf3 Kf8 56.Kg3 Kg8 57.Kh4
Kf8 58.Kg5 Kg7 59.Rd7 Ra6 60.Rc7 Ra5 61.f5 gxf5 62.gxf5 exf5 63.e6 Kf8 64.Kf6
Ra8 65.Rxf7+ Kg8 66.Kxf5

[Event "2. Bundesliga Ost 2008/2009"]
[Site "3-5.10.Bruck,22-23.11.Poechlarn,17-18.1.Wr.Neust,28
[Date "2009.01.18"]
[Round "7"]
[Board "1"]
[White "Lipka, Juraj"]
[Black "Schroll, Gerhard"]
[Result "1/2-1/2"]
[WhiteElo "2426"]
[BlackElo "2430"]
[PlyCount "24"]
[EventDate "2008.10.03"]
[EventType "team"]
[EventRounds "11"]
[EventCountry "AUT"]
[WhiteTeam "ASVOE Pamhagen"]
[BlackTeam "1. Wr. Neustaedter SV"]

1.d4 f5 2.g3 Nf6 3.Bg2 e6 4.Nh3 Be7 5.O-O O-O 6.c4 d5 7.b3 a5 8.Ba3 a4 9.Bxe7
Qxe7 10.cxd5 Nxd5 11.bxa4 Qb4 12.e3 c6

[Event "2. Bundesliga Ost 2008/2009"]
[Site "3-5.10.Bruck,22-23.11.Poechlarn,17-18.1.Wr.Neust,28
[Date "2009.01.18"]
[Round "7"]
[Board "2"]
[White "Ligezinski, Martin"]
[Black "Alvir, Aco"]
[Result "0-1"]
[WhiteElo "2203"]
[BlackElo "2386"]
[PlyCount "68"]
[EventDate "2008.10.03"]
[EventType "team"]
[EventRounds "11"]
[EventCountry "AUT"]
[WhiteTeam "1. Wr. Neustaedter SV"]
[BlackTeam "ASVOE Pamhagen"]

1.d4 Nf6 2.Nf3 g6 3.Nc3 Bg7 4.e4 d6 5.Be3 a6 6.Qd2 b5 7.Bd3 Ng4 8.Bg5 h6 9.Bh4
c5 10.dxc5 dxc5 11.Nd5 Nc6 12.c3 O-O 13.O-O Ra7 14.h3 Nf6 15.Qe3 Rd7 16.Qxc5
Nxd5 17.exd5 Rxd5 18.Qxc6 Rxd3 19.Rfe1 g5 20.Bg3 e6 21.Be5 f6 22.Bc7 Qd7 23.Qxd7
Rxd7 24.Bb6 e5 25.Rad1 Rff7 26.Rxd7 Rxd7 27.Re2 Rd1+ 28.Re1 Rd6 29.Bc5 Rd5
30.Bb4 h5 31.Re2 g4 32.hxg4 Bxg4 33.Re3 Rd1+ 34.Re1 Bxf3

[Event "2. Bundesliga Ost 2008/2009"]
[Site "3-5.10.Bruck,22-23.11.Poechlarn,17-18.1.Wr.Neust,28
[Date "2009.01.18"]
[Round "7"]
[Board "3"]
[White "Franzen, Jozef"]
[Black "Steiner, Adam"]
[Result "1-0"]
[WhiteElo "2318"]
[BlackElo "2212"]
[PlyCount "81"]
[EventDate "2008.10.03"]
[EventType "team"]
[EventRounds "11"]
[EventCountry "AUT"]
[WhiteTeam "ASVOE Pamhagen"]
[BlackTeam "1. Wr. Neustaedter SV"]

1.e4 c5 2.Nf3 d6 3.Bb5+ Bd7 4.Bxd7+ Qxd7 5.c4 Nc6 6.d4 cxd4 7.Nxd4 g6 8.Nc3 Bg7
9.Be3 Nf6 10.f3 O-O 11.Rc1 a6 12.O-O Nxd4 13.Bxd4 b5 14.Nd5 Nxd5 15.cxd5 Bxd4+
16.Qxd4 Rfc8 17.Qb6 Kg7 18.Kf2 f5 19.Kg3 e5 20.Rc6 f4+ 21.Kf2 Rxc6 22.dxc6 Qa7
23.Qxa7+ Rxa7 24.Rd1 Rc7 25.Rxd6 Kf7 26.g3 Ke7 27.Rd5 Rxc6 28.Rxe5+ Kf6 29.gxf4
Rc2+ 30.Kg3 Rxb2 31.a4 h6 32.axb5 Rxb5 33.Rxb5 axb5 34.Kf2 g5 35.f5 Ke5 36.Ke3
h5 37.Kd3 h4 38.Kc3 h3 39.Kb4 Kf4 40.f6 Kxf3 41.f7